Notice Techniques
Shranjeno v:
| Format: | Knjiga |
|---|---|
| Jezik: | Undetermined |
| Izdano: |
Paris
Siciete de Chime Organiques et Biologique
|
| Teme: | |
| Oznake: |
Označite
Brez oznak, prvi označite!
|
| Thư viện lưu trữ: | Trung tâm Học liệu Trường Đại học Cần Thơ |
|---|
| LEADER | 00406nam a2200145Ia 4500 | ||
|---|---|---|---|
| 001 | CTU_28104 | ||
| 008 | 210402s9999 xx 000 0 und d | ||
| 082 | |a 616.39 | ||
| 082 | |b M899 | ||
| 245 | 0 | |a Notice Techniques | |
| 260 | |a Paris | ||
| 260 | |b Siciete de Chime Organiques et Biologique | ||
| 650 | |a nutrition - food | ||
| 904 | |i Sáng, 981007 | ||
| 980 | |a Trung tâm Học liệu Trường Đại học Cần Thơ | ||